ДУНАВСКА ПРАВДА (Запис номер 291953)
[ съкратено ]
| 000 -Лидер | |
|---|---|
| Контролно поле с фиксирана дължина | 01663nas a2200349 c 4500 |
| 001 - Контролен номер на записа | |
| Контролно поле | 291953 |
| 003 - Код на организацията, давaща контролен номер | |
| Контролно поле | BLK |
| 005 - Дата и час на последна редакция | |
| Контролно поле | 20241220100205.0 |
| 008 - Елементи от данни с фиксирана дължина | |
| fixed length control field | 180413b bul raner|||| |0| c1bulo| |
| 010 ## - Наследен системен номер | |
| LC control number | PRD00003478000 |
| 022 ## - Международен стандартен номер на серия ISSN | |
| Международният стандартен номер на серията ISSN | C602-9825 |
| 040 ## - Източник на каталожния запис | |
| Идентификатор на билиотеката - собственик на записа | BLK |
| 041 ## - Код за език | |
| Код за езика на текст/звукозапис или на отделно заглавие | Български |
| Код за езика КДБФ | Български |
| 080 ## - УДК | |
| Текстов определител УДК | Социални въпроси в цялост. Критика на социалната организация. Социални реформо(общо). Практически социални проблеми. Социална политика (общи въпроси). Вж и 141.82;308;331;351.83 |
| УДК код - определител по УДК | 304 |
| УДК определител | (497.2) |
| УДК - код + определител | 304(497.2) |
| 110 1# - Редна дума - колетивен орган | |
| Редна дума - наименование на организация или юридическо лице | Изд. Дружествена Фирма Русе-С ООФ |
| Авторска отговорност (Описва отношението между автора и произведението) | Ред. кол.: Христо Колев ; Иван Йорданов |
| 9 (RLIN) | 358363 |
| 245 10 - Сведения за заглавието | |
| Заглавие | ДУНАВСКА ПРАВДА |
| Подзаглавни данни | Регионален вестник за политика, култура, бизнес и реклама |
| Редно поле (дума) | Изд. Дружествена Фирма Русе-С ООФ ; Ред. кол.: Христо Колев ; Иван Йорданов |
| Дата на създаване на произведението | Начална год. на издаване: Год. 1, № 1(1991), |
| 257 ## - Страна на издаване | |
| Страна на създаване/издаване | България |
| 260 ## - Област на издателските данни | |
| Име на издателя, разпространителя и проч. | Дружествена Фирма Русе-С ООФ |
| Година на издаване | 1991 |
| Печатница | ДФ Дунав-прес |
| 300 ## - Физическа характеристика | |
| Размери/Мащаб | 40 |
| 310 ## - Текуща периодчност на изданието | |
| Срок за съхранение | срок за съхранение: 99 |
| 380 ## - Жанр | |
| Жанр | Обществени науки |
| 852 ## - Местоположение | |
| Форматна сигнатура | В 553 |
| 856 ## - Електронен адрес и достъп | |
| Електронен формат | pdf - файл |
| Път до файла /url/ | |
| 856 ## - Електронен адрес и достъп | |
| Електронен формат | pdf - файл |
| Път до файла /url/ | |
| 942 ## - АРТИКУЛИ | |
| Вид на библиотечния материал | Вестници |
| Скрит в OPAC | Не |
| Периодичен библиозапис | Да |
| Koha issues (borrowed), all copies | 10 |
| 944 ## - СЪЗДАВАНЕ И РЕДАКЦИЯ на ЗАПИСА | |
| Създаване/Редакция | Създаване |
| Дата на регистрацията/редакция | Вася_Ганчева |
| Служител, извършил регистрацията/редакцията | 30535 |
| Статус, дата на статуса | Христина Везирева |
| 944 ## - СЪЗДАВАНЕ И РЕДАКЦИЯ на ЗАПИСА | |
| Създаване/Редакция | Редакция |
| Служител, извършил регистрацията/редакцията | 06.06.2014 |
| 999 ## - СИСТЕМНИ КОНТРОЛНИ НОМЕРА | |
| Koha biblionumber | 291953 |
| Koha biblioitemnumber | 291953 |
| 999 ## - СИСТЕМНИ КОНТРОЛНИ НОМЕРА | |
| Koha biblioitemnumber | 291953 |
| 999 ## - СИСТЕМНИ КОНТРОЛНИ НОМЕРА | |
| Koha biblioitemnumber | 291953 |
| 999 ## - СИСТЕМНИ КОНТРОЛНИ НОМЕРА | |
| Koha biblioitemnumber | 291953 |
| 999 ## - СИСТЕМНИ КОНТРОЛНИ НОМЕРА | |
| Koha biblioitemnumber | 291953 |
| Код за отписване | Код за изгубен артикул | Източник на класификационната схема | Код за повреда | Коз за рестрикции | Код за отдаване | Артикулен № | Име на библиотеката - собственик | Име на библиотеката, в която се намира в момента | Статус (Текущо местоположение) | Дата на вписване в системата | Местоположение - отдел | Цена в лева | Номерация (Хронология) | Инвентарен номер | Систематично азбучна сигнатура | Баркод | Номер на екземпляра | Цена в евро | Служебна бележка | Служебен тип на артикула | Бележка за публиката |
|---|---|---|---|---|---|---|---|---|---|---|---|---|---|---|---|---|---|---|---|---|---|
| Не е изгубен | Universal Decimal Classification | Не е повреден | без рестрикции | ползва се в читалня | 578460 | Регионална библиотека "Любен Каравелов" Русе | Регионална библиотека "Любен Каравелов" Русе | Хранилище | 1991-01-01 | Хранилище | 0.00 | Обхват на том: 1-43, 1-49 | 555621 | В 553 | 130000555621 | 1 | 0.00 | Дост: Dp, Вид: Д, N: стар фонд, Годиш. инв.: 1-2, Дата инв: 06.06.2014, Бележки инв: Цб2014 | Вестници | Год. на изд.: 1991/1992 | |
| Изтеглен | Не е изгубен | Universal Decimal Classification | Не е повреден | без рестрикции | ползва се в читалня | 578461 | Регионална библиотека "Любен Каравелов" Русе | Регионална библиотека "Любен Каравелов" Русе | Краезнание | 1991-01-01 | Краезнание | 0.01 | Обхват на том: 1-43, 1-49 | 596856 | В 553 | 596856 | 2 | 0.01 | Дост: Dp, Вид: Д, N: стар фонд, Годиш. инв.: 1-2, Дата инв: 07.11.2014, Бележки инв: Цб2014 | Вестници | Год. на изд.: 1991/1992 |